[Event "Kurnosov Memorial Rapid 2020"]
[Site "Chelyabinsk"]
[Date "2020.09.05"]
[Round "5.5"]
[White "Savchenko, Boris"]
[Black "Chigaev, Maksim"]
[Result "1-0"]
[WhiteElo "2564"]
[BlackElo "2588"]
[Annotator "TA"]
[PlyCount "101"]
[EventDate "2020.09.04"]
[EventType "swiss"]
[EventCountry "RUS"]
[SourceTitle "playchess.com"]
[Source "ChessBase"]
[SourceQuality "1"]

{[%evp 10,101,18,17,27,12,13,0,0,-14,0,0,5,0,9,-18,0,0,0,0,0,0,3,6,1,0,13,11,26,14,18,18,28,26,30,12,16,0,0,0,0,0,28,20,28,0,0,0,96,105,181,160,204,201,201,135,127,119,114,4,91,39,147,107,148,140,152,152,194,181,295,164,147,182,439,431,363,275,533,531,518,489,457,481,420,150,150,150,157,157,265,274,29987,29988]} 1. e4 e5 2. Nf3 Nc6 3. Bc4 Bc5 4. c3 Nf6 5. d3 d6 6. Nbd2 {[%cal Bb1d2,Bd2f1,Bf1g3][%mdl 32]} h6 {C54: Giuoco Piano: 4 c3 Nf6, main lines with 5 d4 and 5 d3.} 7. h3 a5 8. Nf1 Be6 {The position is equal.} 9. Ng3 O-O {[#]} 10. Bxe6 $146 ({Predecessor:} 10. Bb3 Bxb3 11. axb3 d5 12. Qe2 Re8 13. O-O Qd7 14. Nh4 Qe6 15. Qf3 Bf8 16. Nhf5 {0-1 (59) Dourerassou,J (2484)-Fressinet,L (2657) Paris 2017}) 10... fxe6 11. a4 Qe8 12. Qe2 Nh5 13. Nxh5 Qxh5 14. Be3 Bxe3 15. fxe3 Rf6 16. O-O Raf8 17. Qc2 Qe8 18. Qb3 Qa8 19. d4 exd4 20. exd4 Kh8 21. Qb5 b6 22. Qc4 Qe8 23. Nh4 Rxf1+ 24. Rxf1 Rxf1+ 25. Kxf1 Qf7+ 26. Ke2 Nd8 27. Ke3 d5 28. Qb5 Nb7 (28... dxe4 $11 29. Kxe4 Nb7) 29. e5 $1 $16 Nd8 (29... Kg8 $16) 30. b4 $18 Kh7 31. bxa5 bxa5 32. Qxa5 Qf1 {Threatens to win with ...Qe1+.} 33. Nf3 Nc6 34. Qc5 (34. Qxc7 Qc1+ 35. Kf2 Nb4) (34. Qb5 $16 Qxb5 35. axb5) 34... Qa6 (34... Qc1+ $11 35. Kf2 Qc2+ {[%mdl 64] Double Attack} 36. Kg3 Qxa4) 35. Qa3 (35. Qb5 $16 Qxb5 36. axb5) 35... Na5 (35... Qf1 $14) 36. Qa1 Qb6 37. Qa2 $36 {[%mdl 2048] White has strong initiative.} c5 38. Qc2+ Kh8 39. g4 $1 Nc4+ (39... Qc6 $142) 40. Kf2 (40. Kf4 $142) 40... cxd4 41. cxd4 Qb4 $2 {[#]} (41... Nxe5 {is a better defense.} 42. a5 Qc6 43. Qxc6 Nxc6) 42. g5 $1 Qa3 {[#]} 43. Qg6 $1 {Threatening mate with Qe8+.} Qe3+ $2 (43... hxg5 {was called for.} 44. Qxg5 (44. Nxg5 Qe3+ 45. Kf1 Qf4+ 46. Kg1 Qxd4+ 47. Kh1 Qd1+ 48. Kh2 Qe2+ 49. Kg1 Qe1+ 50. Kg2 Qe2+ 51. Kg1 Qe3+ 52. Kh1 Qe1+ 53. Kh2 Qxe5+ 54. Kh1 Qe1+ 55. Kg2 Qe2+ 56. Kg3 Qe1+ 57. Kg2 Qe2+ 58. Kg1 Qe1+ 59. Kh2 Qf2+ 60. Kh1 Qf1+ 61. Kh2 Qe2+ 62. Kh1 Qf1+ 63. Kh2 Qe2+ 64. Kg1 Qe1+ 65. Kg2 $11) 44... Qxa4 45. Qh5+ Kg8) 44. Kg3 {White threatens Qe8+ and mate.} ({Weaker is} 44. Kg2 Qe4 $18) 44... hxg5 45. Qxg5 Qd3 {intending ...Ne3.} 46. Qh5+ Kg8 {[#]} 47. Qe8+ $2 (47. Kh4 $1 $18 {and the rest is easy. Qe8+ would kill now.} g6 48. Qg4) 47... Kh7 $16 48. Qxe6 Nd2 49. Qxd5 {Hoping for Kf4.} Qe3 (49... Nxf3 $16 50. Qxf3 Qxd4) 50. e6 Ne4+ $2 {[#]} (50... Nxf3 $18 51. Qxf3 Qxe6) 51. Qxe4+ $1 {[%mdl 576] Remove Defender. Accuracy: White = 66%, Black = 52%.} 1-0

[Event "Kurnosov Memorial Rapid 2020"]
[Site "Chelyabinsk"]
[Date "2020.09.05"]
[Round "5.6"]
[White "Demchenko, Anton"]
[Black "Goganov, Aleksey"]
[Result "1-0"]
[WhiteElo "2641"]
[BlackElo "2565"]
[Annotator "TA"]
[PlyCount "49"]
[EventDate "2020.09.04"]
[EventType "swiss"]
[EventCountry "RUS"]
[SourceTitle "playchess.com"]
[Source "ChessBase"]
[SourceQuality "1"]

{[%evp 12,49,8,6,4,-12,0,0,0,-10,7,0,0,0,0,-35,0,-73,-43,-45,-35,-35,-39,-93,-94,-81,-65,-47,61,70,248,225,498,501,476,453,983,962,29989,29990]} 1. d4 d5 2. Nf3 Nf6 3. Bf4 e6 4. e3 c5 5. Nbd2 Nc6 6. c3 Be7 7. Ne5 Nd7 {D02: 1 d4 d5 2 Nf3 sidelines, including 2...Nf6 3 g3 and 2...Nf6 3 Bf4.} 8. Bd3 Ndxe5 9. dxe5 g5 {The position is equal.} 10. Bg3 h5 {White must now prevent ...h4.} 11. h3 {[#]} Qc7 $146 (11... h4 $5 12. Bh2 $8 Qb6 $11) ({Predecessor:} 11... Bd7 12. Qe2 Qc7 13. e4 Nxe5 14. exd5 Bd6 15. dxe6 Bxe6 16. Bb5+ Nc6 17. Bxd6 Qxd6 {1-0 (62) Blinkov,P (2309)-Kokkila,T (2247) Helsinki 2019}) 12. e4 Nxe5 13. Bb5+ Kf8 $1 14. exd5 (14. O-O $11 {remains equal.}) 14... exd5 (14... h4 $5 {[%cal Rh4g3]} 15. Bh2 exd5 $15) 15. Nf3 Nxf3+ 16. Qxf3 Qb6 17. Bd3 (17. Be2 $15) 17... c4 $17 18. Be2 Qxb2 19. O-O g4 (19... Rh6 $15 20. Rfe1 Qb5) 20. Qxd5 $14 Qxe2 $2 {Now Black is done in.} ({Better is} 20... Be6 $14 21. Qe5 Rg8) 21. Rfe1 $40 {[%mdl 128] [#] White has strong attack.} Qd3 $2 {[#]} (21... Qe6 $1 22. Rxe6 Bxe6 23. Qxb7 Rd8) 22. Qe5 $1 {[%csl LRe7,LRh8][%cal Re5h8][%mdl 576] Double Attack} Kg8 {And now ...Be6 would win.} 23. Qxe7 Bf5 (23... Qg6 $142 24. Be5 Be6 25. hxg4 Qxg4) 24. Rad1 Qc2 25. Be5 {Accuracy: White = 84%, Black = 50%.} 1-0

[Event "Kurnosov Memorial Rapid 2020"]
[Site "Chelyabinsk"]
[Date "2020.09.05"]
[Round "5.7"]
[White "Girya, Olga"]
[Black "Esipenko, Andrey"]
[Result "0-1"]
[WhiteElo "2469"]
[BlackElo "2682"]
[Annotator "TA"]
[PlyCount "82"]
[EventDate "2020.09.04"]
[EventType "swiss"]
[EventCountry "RUS"]
[SourceTitle "playchess.com"]
[Source "ChessBase"]
[SourceQuality "1"]

{[%evp 21,82,10,10,13,13,8,14,14,16,11,17,16,23,0,30,37,21,0,37,39,64,-19,5,22,49,-26,42,34,43,45,33,33,118,126,146,97,102,-16,-20,-8,139,0,0,0,0,0,0,0,0,0,0,-19,-27,-527,-59,-435,-441,-666,-614,-600,-577,-727,-480]} 1. d4 Nf6 2. c4 e6 3. Nf3 b6 4. g3 Ba6 5. b3 Bb4+ 6. Bd2 Be7 7. Nc3 d5 8. cxd5 exd5 9. Bg2 O-O 10. O-O Nbd7 11. Ne5 {11.Qc2 is more advanced technology.} Bb7 12. Rc1 {E15: Queen's Indian: 4 g3 sidelines, 4 g3 Ba6 and 4 g3 Bb7 early deviations.} (12. Bc1 Re8 13. Bb2 Bd6 14. f4 c5 15. e3 cxd4 16. exd4 a6 17. a4 Bb4 18. Rc1 Bxc3 19. Rxc3 Ne4 20. Rc2 Nf8 21. Bh3 f6 22. Nc6 Qd6 {0-1 (45) Girya,O (2477)-Esipenko,A (2654) Caleta 2020}) 12... Re8 13. Rc2 Nf8 14. Bf4 {The position is equal.} Ne6 15. Bc1 c5 16. e3 {[#]} Rc8 $146 ({Predecessor:} 16... cxd4 17. exd4 Rc8 18. Bb2 Bf8 19. Qd3 a6 20. Rfc1 Bd6 21. a3 h5 22. Nf3 Ne4 23. b4 Rc7 24. b5 a5 25. h4 f5 26. Ne5 {½-½ (26) Biedermann,K (2429)-Perez Lopez,A (2436) ICCF email 2019}) 17. Bb2 Bd6 18. Nb5 Bb8 19. Re1 Ne4 20. dxc5 bxc5 21. Qh5 (21. Bxe4 $1 $14 dxe4 22. Rd2) 21... N6g5 22. f4 $1 Qa5 23. Qe2 ({White should try} 23. Rf1 $14 Bxe5 24. Bxe5 Qxb5 25. fxg5) 23... Ne6 (23... a6 $11 24. Nc3 Bxe5 25. fxe5 c4) 24. Bxe4 $14 dxe4 25. Bc3 $36 {[%mdl 2048] Black is under pressure.} Qa6 26. Rd1 c4 (26... Rcd8 $14 27. Rcd2 Rxd2 28. Rxd2 Bxe5 29. Bxe5 Bc6) 27. bxc4 $16 {Nxf7! is the strong threat.} Nc5 28. Rcd2 Nd3 29. Nxd3 (29. Qg4 $16 Qe6 30. Qxe6 Rxe6 31. Nxd3 exd3 32. Rxd3) 29... exd3 $11 30. Qxd3 Qh6 (30... Qc6 $11 31. e4 a6) 31. Nd6 (31. Qd7 $16 Qc6 32. Qxc6 Bxc6 33. Bd4) 31... Bxd6 $1 32. Qxd6 Qh5 {[#] White must now prevent ...Qf3!} 33. Qd4 {[%csl Gc3][%cal Rd4g7]} f6 {Threatens to win with ...Qf3.} 34. Rf1 Qf5 35. Bb4 h5 36. Qd3 Qe6 37. Qg6 $2 {[%mdl 8192]} (37. f5 $1 $11 {and White has nothing to worry.} Qb6 38. Qc3) 37... Qc6 $2 ({Better is} 37... Rxc4 $19 38. Ba5 Qxe3+ 39. Rdf2 Re7) 38. e4 $2 {[%mdl 8192]} ({White must play} 38. Rd5 $15) 38... Qb6+ $19 {[%mdl 64] [#] Double Attack. Black is clearly winning.} 39. Rff2 (39. Rdf2 $142 Bxe4 40. Qxh5 Qxb4 41. Qb5) 39... Bxe4 40. Qxh5 Qxb4 41. Rd7 {Qf7+ would kill now.} Re7 {Accuracy: White = 52%, Black = 60%.} 0-1

[Event "Kurnosov Memorial Rapid 2020"]
[Site "Chelyabinsk"]
[Date "2020.09.05"]
[Round "5.8"]
[White "Lysyj, Igor"]
[Black "Zakhartsov, Vladimir"]
[Result "1-0"]
[WhiteElo "2594"]
[BlackElo "2486"]
[Annotator "TA"]
[PlyCount "67"]
[EventDate "2020.09.04"]
[EventType "swiss"]
[EventCountry "RUS"]
[SourceTitle "playchess.com"]
[Source "ChessBase"]
[SourceQuality "1"]

{[%evp 19,67,11,25,15,18,8,16,7,10,26,66,66,96,92,107,101,148,147,200,162,187,170,270,261,271,167,167,172,256,242,306,309,303,233,225,224,483,476,575,565,575,573,553,560,559,557,552,543,543,526]} 1. d4 Nf6 2. c4 g6 3. Nc3 d5 4. cxd5 Nxd5 5. e4 Nxc3 6. bxc3 Bg7 7. Be3 c5 8. Nf3 Qa5 9. Qd2 O-O {Nowadays more popular than 9...Nc6.} 10. Rc1 Rd8 11. h4 {D85: Exchange Grünfeld: Unusual White 7th moves and lines with 7 Nf3.} cxd4 12. cxd4 Qxd2+ 13. Bxd2 {The position is equal.} Bg4 14. d5 {[#]} Bxf3 $146 ({Predecessor:} 14... Na6 15. Bxa6 bxa6 16. Bf4 f5 17. Nh2 Bh5 18. f3 fxe4 19. g4 Rxd5 20. gxh5 Rxh5 {0-1 (40) Bjerre,J (2549)-Mamedyarov,S (2764) chess.com INT 2020}) 15. gxf3 Nd7 16. Bh3 Be5 17. f4 Bd6 {With the idea ...Nc5.} 18. Ke2 b5 (18... Ba3 $16) 19. Rb1 Rab8 20. Rhc1 Rb7 (20... Ba3 {was necessary.}) 21. e5 $18 Bb8 22. Ba5 Nb6 23. Bg2 $36 {[%mdl 2048] [#] Black must now prevent d6. White has strong initiative.} ({Don't play} 23. Rxb5 $6 Rxd5 24. Rcb1 Rxb5 $11) 23... Rbd7 (23... Rc7 {was called for.} 24. Rxc7 Bxc7) 24. Rxb5 f6 25. Bh3 Rc7 26. Rxc7 Bxc7 27. Bb4 fxe5 $2 (27... Kf8) 28. Bxe7 {White is clearly winning.} Re8 29. d6 exf4 {intending ...Bxd6.} 30. Be6+ ({And not} 30. dxc7 Rxe7+ 31. Kf3 Rxc7 $11) 30... Kg7 31. dxc7 {Rxb6! is the strong threat.} Rxe7 {[#]} 32. Rxb6 $1 {[%mdl 512]} Rxc7 (32... axb6 33. c8=Q) 33. Ra6 Kh6 34. Bg4 {Black did not feel at home in the position after the opening. Accuracy: White = 78%, Black = 40%.} 1-0

[Event "Kurnosov Memorial Rapid 2020"]
[Site "Chelyabinsk"]
[Date "2020.09.05"]
[Round "5.9"]
[White "Vitiugov, Nikita"]
[Black "Iljiushenok, Ilia"]
[Result "1/2-1/2"]
[WhiteElo "2722"]
[BlackElo "2516"]
[Annotator "TA"]
[PlyCount "77"]
[EventDate "2020.09.04"]
[EventType "swiss"]
[EventCountry "RUS"]
[SourceTitle "playchess.com"]
[Source "ChessBase"]
[SourceQuality "1"]

{[%evp 15,77,5,13,0,2,0,0,0,0,0,0,0,0,0,20,48,50,52,61,54,47,56,85,56,61,52,50,35,52,35,35,35,35,35,35,35,35,35,35,35,35,29,35,33,34,0,60,16,32,38,81,0,17,0,0,0,0,0,0,-8,0,-7,0,-13]} 1. e4 c5 2. Nf3 d6 3. d4 cxd4 4. Nxd4 Nf6 5. Nc3 a6 6. Bd3 e5 7. Nde2 Be7 8. O-O O-O 9. f4 {B90: Sicilian Najdorf: Unusual White 6th moves, 6 Be3 Ng4 and 6 Be3 e5.} Nbd7 {[#]} 10. a4 $146 ({Predecessor:} 10. Kh1 b5 11. a3 Nc5 12. Ng3 Be6 13. fxe5 dxe5 14. Be3 Nfd7 15. Be2 Rc8 16. Bg4 Nf6 17. Bxe6 fxe6 {½-½ (29) Ponomariov,R (2723)-Karjakin,S (2660) Cuernavaca 2006}) 10... exf4 11. Nxf4 Ne5 12. Kh1 Bg4 13. Qe1 Rc8 14. Be3 Nc4 15. Bxc4 Rxc4 16. b3 Rc6 17. Bd4 Nd7 18. Ncd5 {[#] And now Qg3 would win.} Ne5 19. Nxe7+ Qxe7 20. Nd5 Qd8 21. Qg3 Be6 22. Nf6+ Kh8 23. Nh5 $1 {[%csl Gh5][%cal Rg3g7]} Rg8 24. c4 f6 25. h3 Bf7 26. Nf4 Qe7 27. Rad1 Re8 28. a5 Rcc8 29. Bc3 Nd7 30. Bb4 Qxe4 ({Black should try} 30... Nc5 $11) 31. Bxd6 Ne5 32. Rde1 Qd4 {[#]} 33. Rd1 (33. Bxe5 $1 $16 fxe5 34. Ne2) 33... Qe4 $11 {The position is equal.} 34. Bxe5 Qxe5 35. Rd7 Re7 36. Rxe7 Qxe7 37. Qc3 Re8 38. Rd1 Kg8 39. Nd5 {Accuracy: White = 90%, Black = 92%.} 1/2-1/2

[Event "Kurnosov Memorial Rapid 2020"]
[Site "Chelyabinsk"]
[Date "2020.09.05"]
[Round "5.10"]
[White "Frolyanov, Dmitry"]
[Black "Artemiev, Vladislav"]
[Result "1-0"]
[WhiteElo "2546"]
[BlackElo "2716"]
[Annotator "TA"]
[PlyCount "131"]
[EventDate "2020.09.04"]
[EventType "swiss"]
[EventCountry "RUS"]
[SourceTitle "playchess.com"]
[Source "ChessBase"]
[SourceQuality "1"]

{[%evp 10,131,31,26,30,25,26,34,25,26,31,28,35,56,78,53,72,81,94,90,125,91,116,107,123,116,115,128,126,125,227,235,236,220,275,261,260,272,256,264,238,264,253,230,281,277,325,128,128,127,149,99,99,99,99,99,99,99,200,141,181,123,272,274,448,443,436,416,429,379,393,363,369,343,392,384,506,501,29978,29979,29979,29969,29969,29970,29956,29958,12792,12792,29972,29973,29973,29974,29977,29978,29978,29979,29979,29975,29980,29981,29981,29982,29982,29982,29982,29978,29978,0,29978,29979,29979,29980,29980,29981,29982,29980,29979,29981,29990,29991,29992,29993,29993,29994]} 1. e4 c6 2. Nc3 d5 3. Nf3 dxe4 4. Nxe4 Nf6 5. Qe2 Nxe4 6. Qxe4 Nd7 {B11: Caro-Kann: Two Knights Variation.} 7. Bc4 {Ng5! is the strong threat.} Nf6 8. Ne5 {[%csl Ge5][%cal Rc4f7]} e6 {White is slightly better.} 9. Qe2 b5 10. Bd3 Qc7 11. a4 b4 {[#]} 12. b3 $146 ({Predecessor:} 12. Bc4 Bd6 13. f4 O-O 14. b3 Nd5 15. g3 f6 16. Nf3 e5 17. fxe5 fxe5 18. Bb2 {½-½ (40) Santos Ruiz,M (2560)-Bluebaum,M (2643) chess24.com INT 2019}) 12... Bd6 13. Bb2 Bb7 14. O-O-O O-O-O 15. f4 c5 16. Rhe1 h5 17. g3 h4 18. Nc4 hxg3 19. hxg3 Rh3 (19... Bd5 $16 {was necessary.}) 20. Nxd6+ $18 Qxd6 {[#]} 21. f5 $1 Nd7 22. fxe6 fxe6 23. Qxe6 Qxe6 24. Rxe6 Rxg3 25. Re7 g6 26. Rg7 Rg4 27. Re1 ({Don't play} 27. Bxg6 $6 Rf8 $18) 27... Bd5 28. Rxg6 $2 ({Weaker is} 28. Bxg6 Rg8 $16) (28. Ba6+ $18 {and the rest is easy.} Kb8 29. Bb5) 28... Rxg6 $16 29. Bxg6 Rf8 30. Re8+ Rxe8 31. Bxe8 {[%mdl 4096] Endgame KBB-KBN} c4 32. bxc4 Bxc4 33. Bd4 a6 (33... Kd8 $16 {is a better defense.}) 34. Kb2 Bd5 35. d3 ({White should try} 35. a5 $18) 35... Bc6 (35... Kd8 $16 {was called for.}) 36. a5 $18 Ba4 $2 (36... Bd5 37. Be3 Kd8) 37. Be3 Kd8 38. Bg6 Nb8 39. Be4 Kd7 40. Bc5 Nc6 41. Bb6 Kd6 42. d4 Kd7 43. Bd3 Bb5 (43... Nb8 $18 44. Bc5 Kc6 45. Bxb4 Kd5) 44. Bxb5 axb5 {KB-KN} 45. Kb3 Ne7 46. a6 {[%cal Ba5a6,Ba6a7][%mdl 32]} Nd5 47. Bc5 Kc6 48. Kb2 Nc7 49. a7 Kb7 50. Kc1 Ne6 51. Kd2 Nf4 52. Ke3 Nd5+ 53. Kd3 Ka8 54. Ke4 Nc3+ 55. Ke5 Na4 56. Ke6 Kb7 57. Ke7 Nc3 58. Ke6 $2 (58. Kf6 {mates} Ne4+ 59. Kf5 Nc3 60. Ke5 Na4 61. Ke6 b3 62. cxb3 Nc3 63. d5) 58... Ne4 $2 {[%mdl 8192] [#]} (58... Na4 $11 59. Bxb4 Nb6) 59. Ke5 {White mates.} Nd2 60. Bxb4 Nc4+ 61. Ke6 Ne3 62. c3 Kxa7 63. d5 Kb7 64. d6 Ng2 65. d7 Nf4+ 66. Kd6 {Accuracy: White = 82%, Black = 60%.} 1-0

[Event "Kurnosov Memorial Rapid 2020"]
[Site "Chelyabinsk"]
[Date "2020.09.05"]
[Round "5.11"]
[White "Naumkin, Igor"]
[Black "Fedoseev, Vladimir"]
[Result "0-1"]
[WhiteElo "2365"]
[BlackElo "2678"]
[Annotator "TA"]
[PlyCount "62"]
[EventDate "2020.09.04"]
[EventType "swiss"]
[EventCountry "RUS"]
[SourceTitle "playchess.com"]
[Source "ChessBase"]
[SourceQuality "1"]

{[%evp 11,62,33,63,42,41,34,39,37,44,31,33,32,33,27,30,18,62,66,70,31,25,25,41,0,0,0,-16,-21,0,-77,-10,-52,-50,-79,-71,-134,-102,-205,-187,-201,-156,-221,-212,-439,-443,-639,-645,-614,-631,-813,-818,-807,-805]} 1. d4 d5 2. c4 c6 3. Nf3 e6 4. e3 Bd6 5. Nc3 f5 6. Bd3 Nd7 7. O-O {A84: Dutch Defence: 2 c4 Miscellaneous.} Nh6 8. b3 Qf6 9. Bb2 {[#] White is slightly better.} g5 $146 ({Predecessor:} 9... O-O 10. Ne2 Nf7 11. Ng3 g6 12. Qd2 Qg7 13. b4 Nf6 14. Ne5 Ne4 15. Bxe4 fxe4 {1-0 (48) Aloni,I-Nilsson,Z Amsterdam 1954}) 10. Qc1 Nf7 11. Ba3 O-O 12. Bxd6 Nxd6 13. Ne2 Qg7 14. Qa3 Ne4 15. Bxe4 dxe4 16. Nd2 e5 17. f3 ({White should play} 17. d5 $14) 17... exf3 $11 18. Nxf3 e4 19. Nd2 Nf6 {[%cal Bd7f6,Bf6g4,Bg4e5,Be5d3][%mdl 32]} 20. h3 (20. Ng3 $11 {remains equal.}) 20... g4 (20... f4 $1 $17 {White must now prevent ...Bg4!} 21. exf4 g4) 21. Nf4 gxh3 22. Nxh3 {[#]} Ng4 $1 {[%cal Rg4e3]} 23. b4 (23. Rae1 $142) 23... Rf6 $40 {[%mdl 128] Black is out for blood.} 24. Rf4 (24. Rfe1 $17 {is a better defense.}) 24... Rg6 $19 25. Re1 {[#]} Ne5 $1 {[%mdl 512]} 26. Re2 (26. dxe5 $17 Rxg2+ {[%mdl 64] Double Attack} 27. Kf1) 26... Nd3 27. Rf1 $2 {[#]} (27. Rh4 {was called for.}) 27... Rg3 $1 {[%cal Rg3h3] Black is clearly winning.} 28. Nf4 (28. Qa5 $142 b6 29. Qa4 Rxh3 30. Qxc6) 28... Qg4 29. Nxe4 fxe4 30. Nxd3 {And now b5! would win.} Qxe2 {[%csl Gg3][%cal Re2g2][%mdl 64] Double Attack} 31. Nf4 Qxe3+ {Accuracy: White = 50%, Black = 85%.} 0-1

[Event "Kurnosov Memorial Rapid 2020"]
[Site "Chelyabinsk"]
[Date "2020.09.05"]
[Round "5.12"]
[White "Shimanov, Aleksandr"]
[Black "Kryakvin, Dmitry"]
[Result "0-1"]
[WhiteElo "2593"]
[BlackElo "2594"]
[Annotator "TA"]
[PlyCount "96"]
[EventDate "2020.09.04"]
[EventType "swiss"]
[EventCountry "RUS"]
[SourceTitle "playchess.com"]
[Source "ChessBase"]
[SourceQuality "1"]

{[%evp 9,96,1,4,3,-1,-17,-6,-26,-4,-10,11,-25,-15,-30,-27,-60,-39,-39,-7,0,0,-76,-6,-45,24,20,0,-111,-116,-127,-6,-20,-34,-204,-208,-182,-175,-265,-250,-249,-258,-410,-406,-519,-518,-506,-518,-518,-498,-482,-493,-500,-495,-602,-594,-630,-614,-825,-808,-871,-867,-874,-874,-851,-846,-2087,-1902,-4702,-919,-931,-937,-931,-913,-909,-859,-841,-849,-840,-835,-883,-741,-828,-802,-871,-860,-985,-783,-1142,-1118]} 1. e4 e6 2. d3 d5 3. Nd2 Nf6 4. Ngf3 b6 5. c3 Be7 6. e5 {C00: French: Unusual White 2nd moves.} Nfd7 7. Nb3 c5 {[#]} 8. Bf4 $146 {The position is equal.} ({Predecessor:} 8. Be2 Ba6 9. h4 h6 10. Bf4 Nc6 11. Rh3 Qc7 12. d4 Bxe2 13. Qxe2 c4 14. Nc1 {1-0 (37) Renner,C (2407)-De Francesco,K (2214) Munich 2003}) 8... Qc7 9. h4 Ba6 10. Nbd2 Nc6 11. g3 h6 12. Qe2 b5 13. a3 Nb6 14. Bg2 Na4 15. Nf1 (15. Ra2 $11) 15... O-O-O (15... Qa5 $17 16. Rc1 Bb7) 16. N1h2 Bb7 (16... Rhg8 $15 17. Ng4 d4) 17. O-O d4 18. c4 (18. cxd4 $1 $11 Nxd4 19. Nxd4 Bxg2 20. Nxb5) 18... bxc4 $17 19. dxc4 Rd7 ({Black should try} 19... d3 $17 20. Qd1 Nxb2) 20. Qc2 Nb6 $36 {[%mdl 2048] White must now prevent ...g5! Black has some pressure.} 21. Rad1 $2 {[#] Now White is beyond hope.} ({Better is} 21. b3 $15) 21... g5 $1 $19 {[%cal Rg5f4][%mdl 576] Deflection} 22. hxg5 hxg5 23. Nxg5 (23. Bc1 $142) 23... Bxg5 24. Bxg5 Nxe5 25. Bf6 {[#]} (25. Bxb7+ $142 Qxb7 26. f3) 25... Rxh2 $1 {[%mdl 576] Remove Defender, Decoy} 26. Kxh2 {Threatens to win with Bxb7+.} Ng4+ {[%mdl 64] Double Attack. Black is clearly winning.} 27. Kg1 Bxg2 28. Kxg2 {Threatening Bg5.} Qc6+ 29. Kg1 {intending Qh7.} Nxf6 30. b4 Ne4 31. bxc5 Nxc5 32. Rfe1 d3 33. Qc3 Kb7 34. Re3 f5 {aiming for ...Rh7.} 35. f3 Qd6 36. Kg2 Qd4 37. Qe1 Nxc4 38. Rb1+ {[#]} Nb6 (38... Kc7 $142 $1 39. Qb4 Nxe3+ 40. Kg1 d2 41. Qxd4 Rxd4) 39. Qd2 f4 40. Ree1 fxg3 41. Rh1 Qf2+ 42. Qxf2 gxf2 43. Kxf2 Kc6 44. Rh4 Kd5 45. Rbb4 e5 46. Ke3 Rd6 47. f4 exf4+ 48. Rhxf4 Ke5 {Accuracy: White = 36%, Black = 70%.} 0-1

[Event "Kurnosov Memorial Rapid 2020"]
[Site "Chelyabinsk"]
[Date "2020.09.05"]
[Round "6.2"]
[White "Timofeev, Artyom"]
[Black "Demchenko, Anton"]
[Result "1/2-1/2"]
[WhiteElo "2580"]
[BlackElo "2641"]
[Annotator "TA"]
[PlyCount "75"]
[EventDate "2020.09.04"]
[EventType "swiss"]
[EventCountry "RUS"]
[SourceTitle "playchess.com"]
[Source "ChessBase"]
[SourceQuality "1"]

{[%evp 14,75,33,12,6,0,7,0,0,0,3,-18,0,-4,-20,-16,0,0,-10,0,0,0,0,0,0,-35,0,-24,-32,-18,0,0,0,0,0,0,0,0,0,0,0,0,0,0,13,11,12,0,0,0,0,0,0,0,0,0,0,0,0,0,0,0,0,0]} 1. e4 e5 2. Nf3 Nc6 3. Bb5 a6 4. Ba4 d6 5. Bxc6+ bxc6 6. d4 f6 7. c4 Ne7 8. Be3 Ng6 {C73: Ruy Lopez: Deferred Steinitz: 5 Bxc6+.} 9. Nc3 Be7 10. h3 O-O 11. O-O Qe8 {[#]} 12. c5 $146 ({Predecessor:} 12. Qd2 f5 13. dxe5 f4 14. Bd4 dxe5 15. Bxe5 Nxe5 16. Nxe5 f3 17. Nxf3 Rxf3 18. Nd5 {0-1 (25) Ivic,M (2229)-Kuljasevic,D (2542) Mali Losinj 2017}) 12... f5 13. cxd6 cxd6 14. dxe5 dxe5 15. Rc1 Rb8 16. Qe2 Kh8 17. exf5 Bxf5 18. Rfe1 a5 19. a3 Qf7 20. Bg5 (20. Ng5 $5 {[%cal Rg5f7]} Qb3 21. Qh5 Bxg5 22. Qxg5 $11) 20... Bxg5 21. Nxg5 Qb3 {The position is equal.} 22. Qe3 Qxb2 23. Na4 Qd4 24. Nc5 Qxe3 25. Rxe3 h6 26. Nf3 Rb2 27. Nxe5 Nxe5 28. Rxe5 Bxh3 29. gxh3 {[#] Threatens to win with Ne4.} Rfxf2 30. Re3 Rg2+ 31. Kh1 Rh2+ 32. Kg1 {Black should prevent Rg3.} Rbg2+ 33. Kf1 Ra2 {[%cal Rh2h1] [#]} 34. Kg1 Rag2+ 35. Kf1 Ra2 {[%cal Rh2h1]} 36. Kg1 Rag2+ 37. Kf1 Ra2 {[%cal Rh2h1]} 38. Kg1 {An uneventful encounter. Accuracy: White = 100%, Black = 96%.} 1/2-1/2